<?xml version="1.0" encoding="UTF-8"?>
<record
    xmlns:xsi="http://www.w3.org/2001/XMLSchema-instance"
    xsi:schemaLocation="http://www.loc.gov/MARC21/slim http://www.loc.gov/standards/marcxml/schema/MARC21slim.xsd"
    xmlns="http://www.loc.gov/MARC21/slim">

  <leader>00581cam3a220020500 4500</leader>
  <controlfield tag="001">tmp15413047</controlfield>
  <controlfield tag="003">UPRA</controlfield>
  <controlfield tag="005">20190815093225.0</controlfield>
  <controlfield tag="008">950809s1964    nyu                 eng u</controlfield>
  <datafield tag="035" ind1=" " ind2=" ">
    <subfield code="a">(Sirsi) r32787</subfield>
  </datafield>
  <datafield tag="035" ind1=" " ind2=" ">
    <subfield code="a">(UPRA)tmp15413047</subfield>
  </datafield>
  <datafield tag="040" ind1=" " ind2=" ">
    <subfield code="c">UPRA</subfield>
  </datafield>
  <datafield tag="100" ind1="1" ind2=" ">
    <subfield code="a">Grombach, John V.</subfield>
    <subfield code="6">A96582.1</subfield>
  </datafield>
  <datafield tag="245" ind1="1" ind2="4">
    <subfield code="a">The 1964 Olympic guide.</subfield>
  </datafield>
  <datafield tag="250" ind1=" " ind2=" ">
    <subfield code="a">[Student ed.].</subfield>
  </datafield>
  <datafield tag="260" ind1=" " ind2=" ">
    <subfield code="a">[New York] :</subfield>
    <subfield code="b">Avon,</subfield>
    <subfield code="c">[1964]</subfield>
  </datafield>
  <datafield tag="650" ind1=" " ind2="0">
    <subfield code="a">Olympics -- Revival, 1896-</subfield>
    <subfield code="x">Olympics -- Revival, 1896-</subfield>
    <subfield code="6">S69884.1</subfield>
  </datafield>
  <datafield tag="949" ind1=" " ind2=" ">
    <subfield code="a">GV721.5</subfield>
    <subfield code="w">lcc</subfield>
    <subfield code="i">-37840</subfield>
    <subfield code="m">MAIN</subfield>
    <subfield code="t">BOOK</subfield>
    <subfield code="l">ON-SHELF</subfield>
  </datafield>
  <controlfield tag="004">32787</controlfield>
  <datafield tag="999" ind1=" " ind2=" ">
    <subfield code="c">57827</subfield>
    <subfield code="d">57827</subfield>
  </datafield>
</record>
